|
|
|
|
| LEADER |
00929nam a2200265 4500 |
| 001 |
DLU210196132 |
| 005 |
##20210419 |
| 040 |
# |
# |
|a DLU
|b vie
|
| 041 |
# |
# |
|a vie
|
| 044 |
# |
# |
|a vn
|
| 100 |
# |
# |
|a Phạm Tiến.
|
| 245 |
# |
# |
|a Xu hướng liên kết, liên minh chính trị - an ninh của một số quốc gia trên thế giới từ năm 2009 đến nay /
|c Phạm Tiến, Nghiêm Tuấn Hùng.
|
| 653 |
# |
# |
|a Điều chỉnh chính sách
|
| 653 |
# |
# |
|a Liên kết
|
| 653 |
# |
# |
|a Liên minh
|
| 700 |
# |
# |
|a Nghiêm Tuấn Hùng.
|
| 773 |
# |
# |
|t Châu Mỹ ngày nay
|g Số 7(244), 2018, tr. 25-35
|
| 920 |
# |
# |
|a Phòng Tạp chí -- Trung tâm Thông tin - Thư viện Trường Đại học Đà Lạt
|
| 900 |
# |
# |
|a True
|
| 911 |
# |
# |
|a Nguyễn Thị Thu Phương
|
| 925 |
# |
# |
|a G
|
| 926 |
# |
# |
|a A
|
| 927 |
# |
# |
|a BB
|
| 980 |
# |
# |
|a Thư viện Trường Đại học Đà Lạt
|